000 00545nam a2200217 a 4500
001 0001-2191
003 ELIB.Books
008 190802 2010 eng
020 _a0671645412
092 _a301.41
_bNor
100 _aNorwood, Robin.
245 _aWomen Who Love Too Much
260 _aNew York
_bPocket Books
_c1986
300 _a302
_c17cm
650 _aWomen-Psychology
856 _nKBTS Library
_uKBTS Elib
942 _2ddc
_cBK
990 _a1
998 _aEnglishbooks.elf
_ccat
_e2019-08-02
999 _c12191
_d12191